|
|
|
|
| LEADER |
01502nam a2200277 u 4500 |
| 001 |
10116922 |
| 003 |
GR-PaULI |
| 005 |
20250329063444.0 |
| 008 |
150714q2005 gr gre |
| 952 |
|
|
|0 0
|1 0
|2 ddc
|4 0
|6 Π_Σ_184_000000000000000_ΠΛΑ
|7 0
|9 181527
|a LISP
|b LISP
|c REF
|d 2016-04-24
|i 131078
|l 0
|o Π/Σ 184 ΠΛΑ
|p 025000252941
|r 2016-10-26 00:00:00
|t 1
|v 2016.00
|w 2016-04-24
|y BKN
|
| 952 |
|
|
|0 0
|1 0
|2 ddc
|4 0
|6 Π_Σ_184_000000000000000_ΠΛΑ
|7 0
|9 181528
|a LISP
|b LISP
|c REF
|d 2016-04-24
|i 131077
|l 2
|m 1
|o Π/Σ 184 ΠΛΑ
|p 025000252940
|r 2024-04-22 00:00:00
|s 2024-03-14
|t 2
|v 2016.00
|w 2016-04-24
|y BK15
|
| 999 |
|
|
|c 112195
|d 112195
|
| 020 |
|
|
|a 9789603826675
|
| 040 |
|
|
|a GR-PaULI
|c GR-PaULI
|b gre
|e AACR2
|
| 041 |
0 |
|
|a gre
|a grc
|
| 082 |
0 |
4 |
|a 184
|2 23
|
| 100 |
0 |
|
|a Πλάτων,
|d 427-347
|e συγγραφέας.
|9 5484
|
| 245 |
1 |
0 |
|a Πλάτωνος Συμπόσιον /
|c κείμενον, μετάφρασις και ερμηνεία υπό Ι. Συκουτρή.
|
| 260 |
|
|
|a Αθήνα :
|b Κάκτος,
|c [2005?]
|
| 300 |
|
|
|a 288, [343] σ. ;
|c 19 εκ.
|
| 490 |
1 |
|
|a Αρχαία Ελληνική Γραμματεία "Οι Έλληνες" (Κάκτος)
|
| 600 |
0 |
0 |
|a Πλάτων
|d 427-347
|x Μεταφράσεις στα Νέα Ελληνικά
|9 9502
|
| 700 |
1 |
|
|a Συκουτρής, Ιωάννης,
|d 1901-1937
|4 μεταφραστής
|9 5486
|
| 830 |
|
|
|a Αρχαία Ελληνική Γραμματεία "Οι Έλληνες" (Κάκτος)
|9 161130
|
| 942 |
|
|
|2 ddc
|c BKN
|
| 998 |
|
|
|c ΜΠΟΥΡΑΣ
|d 2019-09
|